000 00639nam a2200229 a 4500
999 _c977
_d977
001 977
003 BD-JhCC
005 20191029134017.0
008 171012s2008 bg |||| ||a| 000 0 ben d
020 _a98486845910
035 _a(BD-JhCC)977
040 _aBD-JhCC
_dBD-JhCC
041 _aben
082 _a891.443
_bJAH 2008
100 _aজাহান, নাসরীন
245 _aকুয়াশার ফণা /
_c নাসরীন জাহান
260 _aঢাকা :
_bঅন্যপ্রকাশ,
_c2008.
300 _a112 p. :
_c21 cm.
650 _aBengali Novel
942 _2ddc
_cBK
_02